Văn Học Việt Nam hiện đại Bình giảng và phân tích tác phẩm

Bao gồm các bài bình giảng và phân tích các tác phẩm văn học Việt Nam hiện đại: Đây mùa thu tới, Tràng giang, Chiều tối, Mẹ tơm, Sóng, Đất nước...

Na minha lista:
Detalhes bibliográficos
Autor principal: Hà Minh Đức
Formato: Livro
Idioma:Vietnamese
Publicado em: H. Nxb. Hà Nội 2001
Assuntos:
Tags: Adicionar Tag
Sem tags, seja o primeiro a adicionar uma tag!
Thư viện lưu trữ: Mạng thư viện Đại học Đà Nẵng
LEADER 01347nam a2200349 4500
001 000004303
003 436
005 20121211001214.0
008 110719s2001 viesd
020 |c 25000 
041 0 |a vie 
082 |a 895.92209  |b HA-Đ 
100 0 |a Hà Minh Đức 
245 0 |a Văn Học Việt Nam hiện đại  |b Bình giảng và phân tích tác phẩm  |c Hà Minh Đức b.s 
260 |a H.  |b Nxb. Hà Nội  |c 2001 
300 |a 335 tr  |c 21 cm 
520 |a Bao gồm các bài bình giảng và phân tích các tác phẩm văn học Việt Nam hiện đại: Đây mùa thu tới, Tràng giang, Chiều tối, Mẹ tơm, Sóng, Đất nước... 
653 |a Văn học Việt Nam 
653 |a Lí luận văn học 
653 |a Văn học hiện đại 
653 |a Lịch sử và phê bình 
910 |a Nguyễn thị Kim Oanh  |d 19/ 07/ 2011 
OWN |a LSP 
AVA |a UDN50  |b LSP  |d 895.92209 HA-Đ  |e check_holdings  |t Error 5003 Not defined in file expand_doc_bib_avail.  |h N  |k 1 
999 |a From the UDN01 
AVA |a UDN50  |b LSP  |d 895.92209 HA-Đ  |e available  |t Error 5001 Not defined in file expand_doc_bib_avail.  |f 23  |g 3  |h N  |i 63  |k 1 
TYP |a Monograph 
TYP |a Printed language 
980 |a Mạng thư viện Đại học Đà Nẵng